[Event "Berlin op 10"]
[Site "Berlin"]
[Date "2005.11.10"]
[Round "5"]
[White "Hannemann, Torsten"]
[Black "Astoreka, Inaki"]
[Result "1-0"]
[WhiteElo "1812"]
[BlackElo "1868"]
[PlyCount "75"]
[EventDate "2005.10.13"]
[EventType "swiss"]
[EventRounds "7"]
[EventCountry "GER"]
[SourceTitle "EXT 2007"]
[Source "ChessBase"]
[SourceDate "2006.11.23"]
[SourceVersion "1"]
[SourceVersionDate "2006.11.23"]
[SourceQuality "1"]

1. e4 e5 2. Nf3 Nf6 3. Nc3 Nc6 4. Bc4 Bb4 5. d3 0-0 6. a3 Bxc3+ 7. bxc3 d5 8. Bb5 dxe4 9. Bxc6 bxc6 10. Nxe5 exd3 11. Qxd3 Qxd3 12. Nxd3 Re8+ 13. Be3 Nd5 14. Kd2 Nxe3 15. fxe3 Ba6 16. Rab1 Rad8 17. Rhf1 c5 18. Ke2 g6 19. Rf4 Rd6 20. Rbf1 f5 21. g4 Rde6 22. R1f3 fxg4 23. Rxg4 Re4 24. Rxe4 Rxe4 25. Kd2 Bxd3 26. cxd3 Ra4 27. e4 Rxa3 28. e5 Ra6 29. Ke3 Re6 30. Ke4 c6 31. d4 cxd4 32. cxd4 Re7 33. Rc3 Rc7 34. e6 Kf8 35. Ke5 a5 36. d5 c5 37. d6 Rc6 38. Rf3+ 1-0

[Event "Berlin op 10"]
[Site "Berlin"]
[Date "2005.10.20"]
[Round "2"]
[White "Braese, Andreas"]
[Black "Hannemann, Torsten"]
[Result "1-0"]
[WhiteElo "1952"]
[BlackElo "1812"]
[PlyCount "97"]
[EventDate "2005.10.13"]
[EventType "swiss"]
[EventRounds "7"]
[EventCountry "GER"]
[SourceTitle "EXT 2007"]
[Source "ChessBase"]
[SourceDate "2006.11.23"]
[SourceVersion "1"]
[SourceVersionDate "2006.11.23"]
[SourceQuality "1"]

1. c4 g6 2. Nc3 Bg7 3. d4 d6 4. e4 Nc6 5. Be3 f5 6. f4 e5 7. dxe5 dxe5 8. Qxd8+ Nxd8 9. Nd5 Ne6 10. exf5 gxf5 11. Be2 h5 12. fxe5 c6 13. Nf4 Bxe5 14. Bxh5+ Kd8 15. 0-0-0+ Kc7 16. Nxe6+ Bxe6 17. Be2 Rxh2 18. Rxh2 Bxh2 19. Nf3 Bd6 20. c5 Be7 21. Nd4 Bd7 22. Bf4+ Kc8 23. Bd3 Bxc5 24. Nxf5 b5 25. Nd6+ Bxd6 26. Bxd6 Be6 27. b3 Kb7 28. Kc2 Rd8 29. Bc5 Rd5 30. Be3 Nf6 31. Re1 Re5 32. Bf2 Rxe1 33. Bxe1 Bd5 34. Bh4 Ng4 35. g3 a5 36. Bg5 Nf2 37. Bf5 Be4+ 38. Bxe4 Nxe4 39. Bf4 a4 40. b4 Kc8 41. Kd3 Nf6 42. Kd4 Kd7 43. Ke5 Nd5 44. Bd2 Ke7 45. g4 Nc7 46. g5 Ne6 47. g6 Nf8 48. Bg5+ Ke8 49. g7 1-0